000 00374 a2200133 4500
000 nam a22 7a 4500
100 _aनिनामा
110 _aनिनामा
245 _aमानव विकास
250 _aLatest edition
260 _bआर पब्लिकेशन
_c2025
264 _bआर पब्लिकेशन
_c2025
942 _cBK
999 _c396697
_d396697